| 000 | 01945nam a2200277 a 4500 | ||
|---|---|---|---|
| 001 | BRCA_2393 | ||
| 005 | 20190320203804.0 | ||
| 008 | 111108s1616----be-#---###---#000-0#spa-u | ||
| 041 | _aspa | ||
| 044 | _asp | ||
| 084 |
_a034 _b.H87 _c1616 |
||
| 100 | 1 |
_aCervantes Saavedra, Miguel de _d1547-1616 _9213 |
|
| 245 | 1 | 0 |
_aSegunda parte del Ingenioso Cavallero Don Quixote de la Mancha _bdirigida a Don Pedro Fernández de Castro, Conde de Lemos, de Andrade, y de Villalua, Marqués de Saria, Gentilhombre de la Cámara de su Majestad Comendador de la Encomienda de Peñafiel y la Zarza, de la Orden de Alcatara, Virrey, Gobernador, y Capitán General del Reyno de Nápoles, y Presidente del Supremo Consejo de Italia _cpor Miguel de Cervantes Saavedra, autor de su primera parte. |
| 260 |
_aBruselas _bHumberto Antonio _c1616 |
||
| 300 |
_a1 v. (en varias paginaciones) _c18 cm. |
||
| 500 | _aContenido : Dedicatoria del autor al Conde de Lemos. Prólogo del autor. Aprovación del Dr. Gutierre de Cetina. Aprovación de M. Joseph Valdivieso. Privilegio. Texto | ||
| 500 | _aSegunda edición bruselense de la segunda parte. Suma del Privilegio otorgado por los Príncipes, Alberto e Isabel Eugenia, Duques de Brabante, fecha 4 de febrero de 1616. Los despropósitos, las erratas, y el no figurar en sus páginas una sola variante digna de ser admitida en una edición clásica, la pone muy por debajo de la edición de la primera parte del mismo editor. Lindo ejemplar, encuadernado en fina piel roja, con corte y filetes dorados Lúdovik Osterc | ||
| 500 | _aCon ex-libris de : C. H. S. John Hornby | ||
| 650 | 1 | 4 |
_aNovela española _yÉpoca clásica, 1500-1700 _9215 |
| 650 | 1 | 4 |
_aLiteratura española _yÉpoca clásica, 1500-1700 _9216 |
| 650 | 1 | 4 |
_aNovela española _ySiglo XVII _9217 |
| 650 | 1 | 4 |
_aDon Quijote (Personaje ficticio) _eNovela _9218 |
| 740 | 0 | _aEl Ingenioso Hidalgo Don Quijote de la Mancha | |
| 902 | _aQFM | ||
| 942 |
_2lcc _cB |
||
| 999 |
_c2134 _d2134 |
||